00882 2200313 4500001002100000005001500021007000300036008004100039020002200080035002000102040001700122041000800139082001200147084001800159090002300177100003000200245007800230250001200308264004100320300003500361336002100396337003000417338002300447500002900470504002500499650001200524850001000536990002200546INLIS00000000000635920260418061321ta260418 0  a978-602-0869-58-2 a0010-0322000603 aSBPUPADbInd0 aInd a364.132 a364.132 DAR r a364.132 DAR r 7-100 aDaru WijayantiePengarang1 aRevolusi Mental :bMenumbuhkembangkan Jiwa Anti Korupsi /cDaru Wijayanti a.-Cet 1 a.--Yogyakarta :bIndoliterasi,c2016 aiv,250 hal. :bIllus. ;c21 cm 2rdacontentaTeks 2rdamediaaTanpa Perantara 2rdacarrieravolume aTentang Penulis ,hlm 250 abibliografi, hlm 239 4aKorupsi aPUPAD a23.994/H/DPK/2017